[Event "Chennai op 10th"]
[Site "Chennai"]
[Date "2018.01.25"]
[Round "10"]
[White "Phoobalan, P."]
[Black "Arjun, Kalyan"]
[Result "1/2-1/2"]
[WhiteElo "2158"]
[BlackElo "2407"]
[PlyCount "64"]
[EventDate "2018.01.18"]
[EventType "swiss"]
[EventRounds "10"]
[EventCountry "IND"]
[SourceTitle "CBM 182 Extra"]
[Source "ChessBase"]
[SourceDate "2018.02.23"]
[SourceVersion "1"]
[SourceVersionDate "2018.02.23"]
[SourceQuality "1"]

1. d4 d5 2. Nf3 Nf6 3. e3 c6 4. c4 Bf5 5. Nc3 e6 6. Nh4 Be4 7. f3 Bg6 8. Qb3 Qc7 9. Bd2 Be7 10. 0-0-0 dxc4 11. Qxc4 a6 12. Nxg6 b5 13. Qd3 hxg6 14. e4 Nbd7 15. e5 Nd5 16. Nxd5 cxd5+ 17. Kb1 Nb6 18. Ba5 Qb7 19. Bxb6 Qxb6 20. Be2 Rc8 21. f4 Kd7 22. g4 Rc6 23. f5 g5 24. h3 Rhc8 25. Rhf1 Qc7 26. fxe6+ fxe6 27. Qb3 b4 28. Bd3 Kd8 29. Qa4 Qb6 30. Bg6 Qc7 31. Bd3 Qb6 32. Bg6 Qc7 1/2-1/2

[Event "Chennai op 10th"]
[Site "Chennai"]
[Date "2018.01.20"]
[Round "4"]
[White "Phoobalan, P."]
[Black "Dzhumaev, Marat"]
[Result "0-1"]
[WhiteElo "2158"]
[BlackElo "2434"]
[PlyCount "54"]
[EventDate "2018.01.18"]
[EventType "swiss"]
[EventRounds "10"]
[EventCountry "IND"]
[SourceTitle "CBM 182 Extra"]
[Source "ChessBase"]
[SourceDate "2018.02.23"]
[SourceVersion "1"]
[SourceVersionDate "2018.02.23"]
[SourceQuality "1"]

1. d4 f5 2. c4 Nf6 3. g3 g6 4. Bg2 Bg7 5. Nh3 Nc6 6. 0-0 0-0 7. d5 Ne5 8. Qc2 c6 9. b3 Qc7 10. dxc6 dxc6 11. Nc3 Bd7 12. Ba3 Rae8 13. Rad1 Bc8 14. Bc1 h6 15. f4 Neg4 16. e4 e5 17. Kh1 Nh5 18. exf5 Bxf5 19. Be4 exf4 20. Bxf5 Rxf5 21. Nxf4 Nxf4 22. Bxf4 Qf7 23. Rfe1 Rxe1+ 24. Rxe1 Rh5 25. Re2 g5 26. Ne4 gxf4 27. Nd6 Qf6 0-1

[Event "Chennai op 8th"]
[Site "Chennai"]
[Date "2016.01.19"]
[Round "2"]
[White "Demchenko, Anton"]
[Black "Phoobalan, P."]
[Result "1-0"]
[WhiteElo "2596"]
[BlackElo "2195"]
[PlyCount "79"]
[EventDate "2016.01.18"]
[EventType "swiss"]
[EventRounds "10"]
[EventCountry "IND"]
[SourceTitle "CBM 170 Extra"]
[Source "ChessBase"]
[SourceDate "2016.02.25"]
[SourceVersion "1"]
[SourceVersionDate "2016.02.25"]
[SourceQuality "1"]

1. e4 e5 2. Nf3 Nc6 3. Bc4 Nf6 4. d3 Be7 5. 0-0 0-0 6. Re1 d6 7. a4 h6 8. c3 a6 9. Nbd2 Rb8 10. a5 Be6 11. Nf1 d5 12. exd5 Bxd5 13. Ne3 Bxc4 14. Nxc4 e4 15. dxe4 Qxd1 16. Rxd1 Nxe4 17. Bf4 Rbc8 18. Kf1 Nf6 19. h3 Rfd8 20. Rxd8+ Bxd8 21. Nfd2 Be7 22. Nb3 Ne8 23. Ne3 Rd8 24. Ke2 f6 25. g4 Kf7 26. h4 Bf8 27. h5 Bd6 28. Bxd6 Nxd6 29. Nc5 Re8 30. Kd3 Ne5+ 31. Kc2 Nc6 32. b4 Ne5 33. Rd1 g6 34. hxg6+ Kxg6 35. Kb3 Nf3 36. Kc2 Ne5 37. Rh1 b6 38. Nxa6 bxa5 39. Nxc7 Rc8 40. Ncd5 1-0

[Event "IND-ch Challengers 53rd"]
[Site "Nagpur"]
[Date "2015.08.20"]
[Round "6"]
[White "Shyam, Nikil P"]
[Black "Phoobalan, P."]
[Result "1-0"]
[WhiteElo "2420"]
[BlackElo "2225"]
[PlyCount "67"]
[EventDate "2015.08.17"]
[EventType "swiss"]
[EventRounds "13"]
[EventCountry "IND"]
[SourceTitle "EXT 2016"]
[Source "ChessBase"]
[SourceDate "2015.10.08"]
[SourceVersion "1"]
[SourceVersionDate "2015.10.08"]
[SourceQuality "1"]

1. e4 e5 2. Nf3 Nc6 3. Bb5 a6 4. Ba4 Nf6 5. 0-0 b5 6. Bb3 Be7 7. d4 d6 8. c3 0-0 9. h3 Bb7 10. Re1 h6 11. Nbd2 Re8 12. Nf1 Bf8 13. Ng3 exd4 14. cxd4 Na5 15. Bc2 c5 16. b3 Nc6 17. Bb2 cxd4 18. Nxd4 Nxd4 19. Qxd4 d5 20. e5 Rc8 21. Bf5 Bc5 22. Qf4 g5 23. Qf3 Ne4 24. Nxe4 dxe4 25. Bh7+ Kf8 26. Bxe4 Bxe4 27. Rxe4 Re6 28. Rd1 Qc7 29. Re2 Be7 30. g3 Rd8 31. Rxd8+ Qxd8 32. Rc2 Kg7 33. Kg2 Qd7 34. Qa8 1-0

[Event "New Delhi Parsvnath op 11th"]
[Site "New Delhi"]
[Date "2013.01.05"]
[Round "1"]
[White "Phoobalan, P."]
[Black "Rawal, BM."]
[Result "1-0"]
[WhiteElo "2328"]
[BlackElo "1454"]
[PlyCount "45"]
[EventDate "2013.01.05"]
[EventType "swiss"]
[EventRounds "11"]
[EventCountry "IND"]
[SourceTitle "EXT 2014"]
[Source "ChessBase"]
[SourceDate "2013.11.20"]
[SourceVersion "1"]
[SourceVersionDate "2013.11.20"]
[SourceQuality "1"]

1. d4 Nf6 2. Nf3 e6 3. g3 c5 4. c4 d5 5. cxd5 exd5 6. Bg2 Nc6 7. 0-0 Qb6 8. dxc5 Qxc5 9. Be3 Qd6 10. Nc3 a6 11. Bf4 Qd8 12. Ne5 Bd6 13. Qa4 b5 14. Nxc6 bxa4 15. Nxd8 Bxf4 16. Nxd5 Nxd5 17. Bxd5 Rb8 18. Nxf7 Rf8 19. gxf4 Rxf7 20. Bxf7+ Kxf7 21. Rfc1 Bf5 22. Rc7+ Kg6 23. b3 1-0

[Event "Chennai op 4th"]
[Site "Chennai"]
[Date "2012.01.05"]
[Round "3"]
[White "Yu, Ruiyuan"]
[Black "Phoobalan, P."]
[Result "1-0"]
[WhiteElo "2491"]
[BlackElo "2323"]
[PlyCount "77"]
[EventDate "2012.01.04"]
[EventType "swiss"]
[EventRounds "11"]
[EventCountry "IND"]
[SourceTitle "CBM 146 Extra"]
[Source "ChessBase"]
[SourceDate "2012.02.29"]
[SourceVersion "1"]
[SourceVersionDate "2012.02.29"]
[SourceQuality "1"]

1. e4 e5 2. Nf3 Nc6 3. d4 exd4 4. Nxd4 Nf6 5. Nxc6 bxc6 6. e5 Qe7 7. Qe2 Nd5 8. c4 Ba6 9. b3 g5 10. Bb2 Bg7 11. g3 0-0 12. Bg2 Rfe8 13. 0-0 Bxe5 14. Bxe5 Qxe5 15. Qxe5 Rxe5 16. cxd5 Bxf1 17. Kxf1 cxd5 18. Nd2 g4 19. Nc4 Rg5 20. Re1 c6 21. Re5 Rxe5 22. Nxe5 Rd8 23. Nxg4 Kg7 24. Ke2 Re8+ 25. Kd3 Re1 26. Ne3 Ra1 27. a4 Ra3 28. Kc3 Ra2 29. Nc2 d4+ 30. Kd3 Rb2 31. b4 Kf6 32. Be4 h6 33. Kxd4 a5 34. Kc3 Rb1 35. bxa5 Rb7 36. a6 Ra7 37. Bd3 Ke6 38. Kb4 Kd6 39. Ne3 1-0

[Event "Chennai op 3rd"]
[Site "Chennai"]
[Date "2011.01.22"]
[Round "7"]
[White "Phoobalan, P."]
[Black "Shyam, Sundar M"]
[Result "0-1"]
[WhiteElo "2257"]
[BlackElo "2443"]
[PlyCount "92"]
[EventDate "2011.01.18"]
[EventType "swiss"]
[EventRounds "11"]
[EventCountry "IND"]
[SourceTitle "CBM 140 Extra"]
[Source "ChessBase"]
[SourceDate "2011.03.01"]
[SourceVersion "1"]
[SourceVersionDate "2011.03.01"]
[SourceQuality "1"]

1. d4 Nf6 2. c4 g6 3. Nc3 Bg7 4. e4 d6 5. Be2 0-0 6. g4 Nfd7 7. Be3 a6 8. h4 c5 9. h5 cxd4 10. Bxd4 Bxd4 11. Qxd4 g5 12. Nf3 h6 13. Qd2 Nc6 14. 0-0-0 Qa5 15. Kb1 Nf6 16. Nd5 Qxd2 17. Nxf6+ exf6 18. Rxd2 Bxg4 19. Nd4 Bd7 20. Nc2 Ne5 21. Rxd6 Bc6 22. f4 Bxe4 23. Rf1 Nc6 24. Kc1 Rfe8 25. Bd1 Kg7 26. Ne3 Nb4 27. fxg5 fxg5 28. Rd7 Nd3+ 29. Kd2 Ne5 30. Rd4 Rad8 31. Kc3 Nc6 32. Rxd8 Rxd8 33. Bc2 Bxc2 34. Kxc2 Ne7 35. Kc3 Rf8 36. Rd1 f5 37. Rd7 Kf6 38. Rxb7 g4 39. Rb6+ Kg5 40. Re6 Rf7 41. Kd2 f4 42. Re5+ Kh4 43. Rxe7 fxe3+ 44. Rxe3 g3 45. Re1 g2 46. c5 Rf1 0-1

[Event "Chennai op 3rd"]
[Site "Chennai"]
[Date "2011.01.21"]
[Round "6"]
[White "Sundararajan, Kidambi"]
[Black "Phoobalan, P."]
[Result "1/2-1/2"]
[WhiteElo "2449"]
[BlackElo "2257"]
[PlyCount "102"]
[EventDate "2011.01.18"]
[EventType "swiss"]
[EventRounds "11"]
[EventCountry "IND"]
[SourceTitle "CBM 140 Extra"]
[Source "ChessBase"]
[SourceDate "2011.03.01"]
[SourceVersion "1"]
[SourceVersionDate "2011.03.01"]
[SourceQuality "1"]

1. d4 d5 2. c4 c6 3. Nf3 Nf6 4. e3 a6 5. Bd3 g6 6. 0-0 Bg7 7. Nc3 b5 8. b3 0-0 9. Qc2 Be6 10. c5 Qc8 11. b4 Bf5 12. a4 Bxd3 13. Qxd3 Nbd7 14. Bb2 Qb7 15. Ra2 bxa4 16. Rxa4 a5 17. bxa5 Ne4 18. Qc2 Rfb8 19. Ra2 f5 20. Rc1 Qb3 21. Qxb3 Rxb3 22. a6 Nxc3 23. Rxc3 Rb5 24. a7 Rb7 25. Rca3 Nxc5 26. Kf1 Ne6 27. Ra6 Nc7 28. Rxc6 Raxa7 29. Rxa7 Rxa7 30. Bc3 Bf6 31. h3 Kf7 32. g4 Ne6 33. Bb4 Rb7 34. Bd2 Ng5 35. Nxg5+ Bxg5 36. Ke2 e6 37. Rc8 Be7 38. f3 Ra7 39. Rb8 Bd6 40. Rb6 Be7 41. Rc6 Rb7 42. Rc2 Bd6 43. Be1 Ba3 44. Rc3 Bd6 45. Rc6 Be7 46. Bg3 Rb2+ 47. Kd3 Rb3+ 48. Ke2 Rb2+ 49. Kd1 Rb1+ 50. Ke2 Rb2+ 51. Kd1 Rb1+ 1/2-1/2

[Event "Jalgaon op"]
[Site "Jalgaon"]
[Date "2010.11.29"]
[Round "9"]
[White "Verma, Rahul"]
[Black "Phoobalan, P."]
[Result "0-1"]
[WhiteElo "1888"]
[BlackElo "2255"]
[PlyCount "86"]
[EventDate "2010.11.23"]
[EventType "swiss"]
[EventRounds "11"]
[EventCountry "IND"]
[SourceTitle "CBM 139 Extra"]
[Source "ChessBase"]
[SourceDate "2011.01.05"]
[SourceVersion "1"]
[SourceVersionDate "2011.01.05"]
[SourceQuality "1"]

1. e4 e5 2. Nf3 Nc6 3. Bb5 Nf6 4. 0-0 Nxe4 5. d4 Nd6 6. Bxc6 dxc6 7. dxe5 Nf5 8. Qxd8+ Kxd8 9. Nc3 h6 10. b3 a5 11. Bb2 Bb4 12. Rad1+ Ke8 13. Ne4 Be7 14. Rfe1 Be6 15. a4 Rd8 16. h3 Bb4 17. Bc3 Rxd1 18. Rxd1 Bd5 19. Nfd2 b6 20. Bb2 Bxd2 21. Nxd2 c5 22. Nf1 Be4 23. Rd2 Ke7 24. f3 Bb7 25. Kf2 h5 26. Ne3 Nxe3 27. Kxe3 Bc8 28. h4 Be6 29. c4 g6 30. Kf4 Ra8 31. g4 hxg4 32. fxg4 g5+ 33. hxg5 Rh8 34. Rd3 Rh1 35. g6 fxg6 36. Rg3 Rf1+ 37. Kg5 Kf7 38. Bc3 Kg7 39. Bd2 Rf2 40. Be3 Re2 41. Bf4 Rf2 42. Rd3 Rf1 43. Rd8 Rg1 0-1

[Event "Chennai op 2nd"]
[Site "Chennai"]
[Date "2010.01.27"]
[Round "4"]
[White "Phoobalan, P."]
[Black "Gutov, Andrey"]
[Result "0-1"]
[WhiteElo "2312"]
[BlackElo "2444"]
[PlyCount "66"]
[EventDate "2010.01.25"]
[EventType "swiss"]
[EventRounds "11"]
[EventCountry "IND"]
[SourceTitle "CBM 134 Extra"]
[Source "ChessBase"]
[SourceDate "2010.03.03"]
[SourceVersion "1"]
[SourceVersionDate "2010.03.03"]
[SourceQuality "1"]

1. Nf3 Nf6 2. d4 d5 3. g3 c6 4. Bg2 Bf5 5. 0-0 e6 6. c4 Nbd7 7. b3 Be7 8. Nbd2 Ne4 9. Bb2 0-0 10. Qc1 a5 11. Nxe4 Bxe4 12. Ne5 Bxg2 13. Kxg2 Nxe5 14. dxe5 dxc4 15. Qxc4 Qd5+ 16. e4 Qxc4 17. bxc4 b5 18. Rac1 b4 19. Bd4 Rfd8 20. Be3 Rd3 21. Rc2 f6 22. Kf3 b3 23. axb3 Rxb3 24. c5 a4 25. Ra1 a3 26. Ke2 Ra4 27. f3 fxe5 28. Kd2 Bd8 29. Ke2 Ba5 30. Bd2 Bxd2 31. Rxd2 Rd4 32. Rda2 Rdd3 33. Rf1 Rdc3 0-1

[Event "Chennai State-ch 56th"]
[Site "Chennai"]
[Date "2008.06.22"]
[Round "10"]
[White "Phoobalan, P."]
[Black "Babu, N Sudhakar"]
[Result "1/2-1/2"]
[WhiteElo "2236"]
[BlackElo "2356"]
[PlyCount "34"]
[EventDate "2008.06.16"]
[EventType "swiss"]
[EventRounds "10"]
[EventCountry "IND"]
[SourceTitle "CBM 125 Extra"]
[Source "ChessBase"]
[SourceDate "2008.09.01"]
[SourceVersion "1"]
[SourceVersionDate "2008.09.01"]
[SourceQuality "1"]

1. e4 e5 2. Nf3 Nc6 3. d4 exd4 4. Nxd4 Nf6 5. Nxc6 bxc6 6. e5 Qe7 7. Qe2 Nd5 8. c4 Ba6 9. b3 g6 10. f4 f6 11. exf6 Qxe2+ 12. Bxe2 Bb4+ 13. Kd1 Nc3+ 14. Nxc3 Bxc3 15. Rb1 0-0 16. Kc2 Bxf6 17. Bd3 Rae8 1/2-1/2

[Event "Commonwealth-ch"]
[Site "New Delhi"]
[Date "2007.12.08"]
[Round "8"]
[White "Tejaswini, Reddy S"]
[Black "Phoobalan, P."]
[Result "0-1"]
[WhiteElo "1967"]
[BlackElo "2250"]
[PlyCount "116"]
[EventDate "2007.12.03"]
[EventType "swiss"]
[EventRounds "10"]
[EventCountry "IND"]
[SourceTitle "CBM 121 Extra"]
[Source "ChessBase"]
[SourceDate "2008.01.10"]
[SourceVersion "1"]
[SourceVersionDate "2008.01.10"]
[SourceQuality "1"]

1. e4 Nc6 2. Nc3 d6 3. Bb5 Bd7 4. f4 g6 5. Nf3 Bg7 6. 0-0 Nd4 7. Bc4 Nh6 8. Ne2 Nxf3+ 9. Rxf3 0-0 10. c3 c6 11. d3 d5 12. Bb3 Bg4 13. Rf2 dxe4 14. dxe4 Qb6 15. h3 Rad8 16. Qc2 Bc8 17. Ng3 Kh8 18. Nf1 Ng8 19. Be3 Qa5 20. Nd2 b5 21. Nf3 Qc7 22. a4 a6 23. Ng5 Nh6 24. a5 c5 25. Raf1 c4 26. Ba2 Qxa5 27. Bb1 f6 28. Nf3 Nf7 29. g4 Qc7 30. Rg2 Bb7 31. Qf2 Qc8 32. h4 Nd6 33. Bc5 Qc6 34. Bxd6 Qxd6 35. f5 gxf5 36. gxf5 Bh6 37. Kh1 Rg8 38. Rxg8+ Rxg8 39. Rg1 Rxg1+ 40. Nxg1 Qd2 41. Qxd2 Bxd2 42. Ne2 Be1 43. h5 Kg7 44. Kg2 Kh6 45. Kf3 Kxh5 46. Bc2 Bd2 47. Bd1 Kg5 48. Bc2 h5 49. Kg3 h4+ 50. Kh3 Be3 51. Bb1 e6 52. fxe6 Bc8 53. Nd4 Bxd4 54. cxd4 Bxe6+ 55. Kh2 b4 56. Kg2 a5 57. d5 Bd7 58. Bc2 Kf4 0-1

[Event "Tamil Nadu State-ch 54th"]
[Site "Chennai"]
[Date "2006.05.29"]
[Round "10"]
[White "Phoobalan, P."]
[Black "Ranjith, RK."]
[Result "1/2-1/2"]
[WhiteElo "2276"]
[BlackElo "2109"]
[PlyCount "81"]
[EventDate "2006.05.20"]
[EventType "swiss"]
[EventRounds "11"]
[EventCountry "IND"]
[SourceTitle "EXT 2010"]
[Source "ChessBase"]
[SourceDate "2010.11.25"]
[SourceVersion "1"]
[SourceVersionDate "2010.11.25"]
[SourceQuality "1"]

1. e4 c5 2. Nf3 Nc6 3. Bb5 g6 4. 0-0 Bg7 5. Re1 Nf6 6. c3 0-0 7. d4 cxd4 8. cxd4 d5 9. e5 Ne8 10. h3 Bf5 11. Bd3 Bxd3 12. Qxd3 Nc7 13. Nc3 Qd7 14. Qd1 Ne6 15. a3 Rac8 16. Qa4 f6 17. exf6 Rxf6 18. Be3 Rcf8 19. Rad1 Rxf3 20. gxf3 Rxf3 21. Qb5 Nc7 22. Qxb7 Qxh3 23. Ne2 Qg4+ 24. Ng3 Rxg3+ 25. fxg3 Qxg3+ 26. Kf1 Qf3+ 27. Bf2 Nxd4 28. Qc8+ Kf7 29. Rxe7+ Kxe7 30. Qxc7+ Ke6 31. Qc8+ Kf7 32. Qd7+ Kf8 33. Qc8+ Kf7 34. Qc7+ Ke6 35. Re1+ Kf5 36. Re3 Qh1+ 37. Bg1 Nf3 38. Qd7+ Kf4 39. Qf7+ Kg4 40. Qe6+ Kf4 41. Qf7+ 1/2-1/2

[Event "Chennai WinTV op 1st"]
[Site "Chennai"]
[Date "2004.01.23"]
[Round "4"]
[White "Gopikrishna, M."]
[Black "Phoobalan, P."]
[Result "0-1"]
[WhiteElo "1975"]
[BlackElo "2242"]
[PlyCount "100"]
[EventDate "2004.01.21"]
[EventType "swiss"]
[EventRounds "13"]
[EventCountry "IND"]
[SourceTitle "CBM 098 Extra"]
[Source "ChessBase"]
[SourceDate "2004.03.10"]
[SourceVersion "2"]
[SourceVersionDate "2004.03.10"]
[SourceQuality "1"]

1. d4 Nf6 2. c4 e6 3. Nf3 b6 4. g3 Ba6 5. Nbd2 Bb7 6. Bg2 Be7 7. 0-0 0-0 8. b3 c5 9. e3 d5 10. Bb2 Nbd7 11. Ne5 Ne8 12. Ndf3 f6 13. Nd3 Nd6 14. Bh3 dxc4 15. Bxe6+ Kh8 16. bxc4 Nf7 17. d5 Bd6 18. Nh4 Nde5 19. Nxe5 Nxe5 20. Rc1 Bc8 21. Bxc8 Qxc8 22. Bxe5 fxe5 23. e4 g6 24. Ng2 a6 25. f4 Qh3 26. Qe2 b5 27. Qb2 Qh5 28. cxb5 axb5 29. Qxb5 Rxa2 30. fxe5 Rb8 31. Qd7 Bxe5 32. Qe7 Bg7 33. Qh4 Qe2 34. Qh3 Qxe4 35. d6 Qd4+ 36. Kh1 Qxd6 37. Rcd1 Qc6 38. Rf7 c4 39. Rfd7 h6 40. Kg1 Rbb2 41. Nf4 c3 42. Rxg7 Qb6+ 43. Kh1 Rxh2+ 44. Qxh2 Rxh2+ 45. Kxh2 Kxg7 46. Rd7+ Kg8 47. Nd5 Qf2+ 48. Kh1 c2 49. Ne7+ Kf8 50. Nxg6+ Ke8 0-1

[Event "Wch U20 41st"]
[Site "Goa"]
[Date "2002.12.18"]
[Round "11"]
[White "Naveen, R."]
[Black "Phoobalan, P."]
[Result "1/2-1/2"]
[WhiteElo "2099"]
[BlackElo "2227"]
[PlyCount "106"]
[EventDate "2002.12.09"]
[EventType "swiss"]
[EventRounds "13"]
[EventCountry "IND"]
[SourceTitle "CBM 091 Extra"]
[Source "ChessBase"]
[SourceDate "2003.01.09"]
[SourceVersion "1"]
[SourceVersionDate "2003.01.09"]
[SourceQuality "1"]

1. e4 e5 2. Bc4 Nc6 3. Nf3 Nf6 4. d3 Be7 5. 0-0 0-0 6. c3 d5 7. exd5 Nxd5 8. Re1 Bg4 9. h3 Bh5 10. g4 Bg6 11. Nxe5 Nxe5 12. Rxe5 Nb6 13. Bb3 Bf6 14. Re3 Nd5 15. Re1 Qd6 16. Qf3 Rfe8 17. Rd1 c6 18. Nd2 Qe5 19. Nf1 Bh4 20. Bxd5 cxd5 21. Be3 f5 22. Bd4 fxg4 23. Qxg4 Qg5 24. Nh2 Bh5 25. Qxg5 Bxg5 26. Re1 Be2 27. Be3 Bxe3 28. Rxe2 Bf4 29. Rae1 Rxe2 30. Rxe2 Kf7 31. Nf3 Re8 32. Rxe8 Kxe8 33. c4 dxc4 34. dxc4 Kd7 35. Ne1 Be5 36. Nd3 Bd4 37. Kg2 Ke6 38. Kf3 Kf5 39. b3 g5 40. b4 h5 41. Ke2 g4 42. hxg4+ Kxg4 43. c5 a6 44. a4 h4 45. b5 axb5 46. axb5 h3 47. c6 bxc6 48. bxc6 Bb6 49. Kf1 Kf3 50. Kg1 Bc7 51. Nc5 h2+ 52. Kh1 Kxf2 53. Ne6 Bd6 1/2-1/2